000 00308nam a22001337a 4500
003 SGT
020 _a9788171327836
082 _a428.0071,JAI
100 _aJAIN PRAVEEN M,
245 _aHOW TO TEACH ENGLISH USING CLT & TLT
260 _aJAIPUR
_bPOINTER PUBLISHARS
_c2017
300 _a203
942 _2ddc
_cBK
999 _c33757
_d33757